ՀՀ Գիտությունների ազգային ակադեմիայի հիմնարար գիտական գրադարան  =   Fundamental Scientific Library of NAS RA

Արիւնի ձորը : (Record no. 93828)

MARC details
000 -LEADER
fixed length control field 00641nam a2200193 a 4500
040 ## - CATALOGING SOURCE
Original cataloging agency AM-YeHGA
090 ## - LOCALLY ASSIGNED LC-TYPE CALL NUMBER (OCLC); LOCAL CALL NUMBER (RLIN)
-- 95128
001 - CONTROL NUMBER
control field 000259806
003 - CONTROL NUMBER IDENTIFIER
control field AM-YeHGA
005 - DATE AND TIME OF LATEST TRANSACTION
control field 20250617125233.0
008 - FIXED-LENGTH DATA ELEMENTS--GENERAL INFORMATION
fixed length control field 030909s1919 ai 000 | arm d
100 1# - MAIN ENTRY--PERSONAL NAME
Personal name Բիւրատ, Սմբատ,
Dates associated with a name 1862-1915
245 10 - TITLE STATEMENT
Title Արիւնի ձորը :
Remainder of title Վիպակ կիլիկեան կեանքէ /
Statement of responsibility, etc. Ս. Բիւրատ.
260 ## - PUBLICATION, DISTRIBUTION, ETC.
Place of publication, distribution, etc. Կ. Պոլիս :
Name of publisher, distributor, etc. տպ. Վաղինակ Ս. Բիւրատ,
Date of publication, distribution, etc. 1919.
300 ## - PHYSICAL DESCRIPTION
Extent 61 էջ ;
Dimensions 17 սմ.
440 #0 - SERIES STATEMENT/ADDED ENTRY--TITLE
Title Կիլիկիա գրատուն
Volume/sequential designation թիվ 2
650 14 - SUBJECT ADDED ENTRY--TOPICAL TERM
Topical term or geographic name entry element Հայ գրականություն
General subdivision Վիպակ
942 ## - ADDED ENTRY ELEMENTS (KOHA)
Source of classification or shelving scheme Universal Decimal Classification
Koha item type Գրքեր / Books
Holdings
Withdrawn status Lost status Damaged status Not for loan Collection Home library Current library Date acquired Total checkouts Full call number Barcode Date last seen Cost, replacement price Price effective from Koha item type Public note
        General Fundamental Scientific Library Fundamental Scientific Library 22/12/2016   AI/12015 FL0050215 22/12/2016 17.00 22/12/2016 Գրքեր / Books 30 Days Loan


ՀՀ ԳԱԱ հիմնարար գիտական գրադարան
ՀՀ,Երևան 0019
Մարշալ Բաղրամյան 24/6
հեռախոս:(374-10) 52-47-50
Հետադարձ կապ

All site content, except where otherwise noted, is licensed under a
Creative Commons License